| 000 | 00452nam a2200169Ia 4500 | ||
|---|---|---|---|
| 005 | 20250407095624.0 | ||
| 008 | 231217s9999 xx 000 0 und d | ||
| 020 | _a9788131222560 | ||
| 082 | _a333.9116 MEN1;1 R | ||
| 100 | _aMenon, Sudha | ||
| 245 | 0 | _aWatershed management : case studies | |
| 260 |
_c2008 _bICFAI _aHyderabad |
||
| 300 | _axi+220 | ||
| 400 | _aEconomy series | ||
| 650 | _aWatershed,management, , cas, studies | ||
| 942 | _cAA | ||
| 999 |
_c191865 _d191865 |
||